Normal view
MARC view
- Raju P V L, Ed. & Abhyankar M W, Donor
Entry Personal Name
001 - CONTROL NUMBER
- control field: 115871
003 - CONTROL NUMBER IDENTIFIER
- control field: OSt
005 - DATE AND TIME OF LATEST TRANSACTION
- control field: 20230125045101.0
008 - FIXED-LENGTH DATA ELEMENTS
- fixed length control field: 230125|| aca||aabn | a|a d
040 ## - CATALOGING SOURCE
- Original cataloging agency: OSt
- Transcribing agency: OSt
100 ## - HEADING--PERSONAL NAME
- Personal name: Raju P V L, Ed. & Abhyankar M W, Donor
670 ## - SOURCE DATA FOUND
- Source citation: Work cat.: (OSt)93640: Raju P V L, Ed. 115870, Training : Needs and Evaluation, 2005